000 00297nam a22001337a 4500
008 170214b xxu||||| |||| 00| 0 eng d
020 _a9780816053346
041 _aeng
080 _a61
100 _a4
101 _aSHM
245 _aENCYCLOPEDIA OF SPORTS MEDICINE
_cOAKES, E.H
942 _2udc
_cBK
999 _c5466
_d5466